000 00380nam a22001577a 4500
005 20170330115223.0
008 170330b xxu||||| |||| 00| 0 eng d
020 _a81-88267-64-3
041 _aeng
100 _aJELKHANI,ASHOK.E
_93730
245 _aTELEVIJAN KARYAKRAM NIRMAN PRAKRIYA
260 _bGRANTHA ACADEMY
300 _a114
650 _aMASS COMM
_93668
942 _cBK
999 _c5356
_d5354